150 sơ đồ kế toán doanh nghiệp (Theo quyết định 1141 TC/QĐ/CĐKT ngày 1/11/95 của Bộ Tài Chính)

Bewaard in:
Bibliografische gegevens
Hoofdauteur: Dương Nhạc
Formaat: Boek
Taal:Undetermined
Gepubliceerd in: Hà Nội Thống kê 1995
Onderwerpen:
Tags: Voeg label toe
Geen labels, Wees de eerste die dit record labelt!
Thư viện lưu trữ: Trung tâm Học liệu Trường Đại học Cần Thơ
LEADER 00602nam a2200193Ia 4500
001 CTU_17660
008 210402s9999 xx 000 0 und d
020 |b 11000đ 
082 |a 657 
082 |b Nh101 
100 |a Dương Nhạc 
245 0 |a 150 sơ đồ kế toán doanh nghiệp (Theo quyết định 1141 TC/QĐ/CĐKT ngày 1/11/95 của Bộ Tài Chính) 
245 0 |c Dương Nhạc 
260 |a Hà Nội 
260 |b Thống kê 
260 |c 1995 
650 |a accounting 
904 |i Minh, 970801 
980 |a Trung tâm Học liệu Trường Đại học Cần Thơ